Master Guide M.A Political Science/ (Record no. 34887)

MARC details
000 -LEADER
fixed length control field 00461nam a22001697a 4500
005 - DATE AND TIME OF LATEST TRANSACTION
control field 20240626104904.0
008 - FIXED-LENGTH DATA ELEMENTS--GENERAL INFORMATION
fixed length control field 231211b |||||||| |||| 00| 0 eng d
082 ## - DEWEY DECIMAL CLASSIFICATION NUMBER
Classification number 320
Item number KHA-M
100 ## - MAIN ENTRY--AUTHOR
Author Name Khalil, Qureshi
245 ## - TITLE STATEMENT
Title Master Guide M.A Political Science/
Statement of responsibility, etc. Khalil Qureshi
260 ## - PUBLICATION, DISTRIBUTION, ETC.
Place of Publication Lahore;
Name of publisher, distributor, etc. Evernew Book Palace;
300 ## - PHYSICAL DESCRIPTION
Pages 1182 p.:
650 ## - SUBJECT ADDED ENTRY--TOPICAL TERM
Subject / Department Social Sciences/Political Science
700 ## - ADDED ENTRY--PERSONAL NAME
Personal name Rana Akbar Ali
300 ## - PHYSICAL DESCRIPTION
-- 21 cm.
952 ## - LOCATION AND ITEM INFORMATION (KOHA)
-- 0
-- 0
Holdings
Lost status Damaged status Collection code Permanent Location Current Location Date acquired Full Call Number Accession No./Barcode Date last seen item type Koha item type
    Science Superior Information Resource Center (SIRC) Superior University - City Campus Superior Information Resource Center (SIRC) Superior University - City Campus 12/11/2023 320 KHA-M 28269 12/11/2023 BOOK BOOK

Powered by Koha